Normal view
MARC view
- Dr asha Joseph
Entry Personal Name
001 - CONTROL NUMBER
- control field: 5353
003 - CONTROL NUMBER IDENTIFIER
- control field: OSt
005 - DATE AND TIME OF LATEST TRANSACTION
- control field: 20221202120635.0
008 - FIXED-LENGTH DATA ELEMENTS
- fixed length control field: 221202|| aca||aabn | a|a d
040 ## - CATALOGING SOURCE
- Original cataloging agency: OSt
- Transcribing agency: OSt
100 ## - HEADING--PERSONAL NAME
- Personal name: Dr asha Joseph
670 ## - SOURCE DATA FOUND
- Source citation: Work cat.: (OSt)17606: ANUSREEE, C.K RESHMA, JACOB SHANA SHERIN, V ARCHANA DAS, N 5352, DEVELOPMENT AND EVALUATION OF AN ALTERNATE MEDIA FILTER FOR DRIP IRRIGATION SYSTEM, 2022
